000 00628nam a2200241Ia 4500
003 OSt
005 20221007105520.0
006 a|||||r|||| 00| 0
007 ta
008 221006b |||||||| |||| 00| 0 eng d
024 _a18,762
037 _cTextual
040 _aLCO
_cLCO
_beng
041 _2eng
_aeng
082 _aZ2,211,3, L5
100 _aPartinton Martin
_9706709
245 0 _aLandlord and Tenant
260 _aLondon
_bWeidenfeld & Nicolson UK
_c1975
300 _a499
650 _aLANDLORD AND TENANT
942 _hZ2,211,3, L5
_cTEXL
999 _c1188325
_d1188325